书目信息 |
| 题名: |
建筑企业成本会计
|
|
| 作者: | 谢维义 , 王孙雄 编 | |
| 分册: | ||
| 出版信息: | 北京 中国环境科学出版社 1996.08 |
|
| 页数: | 273页 | |
| 开本: | 16开 | |
| 丛书名: | ||
| 单 册: | ||
| 中图分类: | F234.2 | |
| 科图分类: | ||
| 主题词: | 会计 | |
| 电子资源: | ||
| ISBN: | 7-80093-915-4 | |
| 000 | 00599nam0 2200205 45 | |
| 001 | 0007150768 | |
| 005 | 20000509101558.2 | |
| 010 | @a7-80093-915-4@d21.00元 | |
| 100 | @a20000715d1996 km y0chiy0120 ea | |
| 101 | 0 | @achi |
| 105 | @a z 000yy | |
| 200 | 1 | @a建筑企业成本会计@AJian Zhu Qi Ye Cheng Ben Kuai Ji@f谢维义,王孙雄编@FXie Wei Yi,Wang Sun Xiong Bian |
| 210 | @a北京@c中国环境科学出版社@d1996.08 | |
| 215 | @a273页@d16开 | |
| 606 | 0 | @a会计 |
| 690 | @aF234.2@v3 | |
| 701 | 0 | @a谢维义@4编 |
| 701 | 0 | @a王孙雄@4编 |
| 801 | @aCN@bPftUser@c20000715 | |
| 905 | @dF234.2@eX927@b300607-611@f5 | |
| 建筑企业成本会计/谢维义,王孙雄编.-北京:中国环境科学出版社,1996.08 |
| 273页;16开 |
| ISBN 7-80093-915-4:21.00元 |
| ● |
| 相关链接 |
|
|
|
正题名:建筑企业成本会计
索取号:F234.2/X927
 
预约/预借
| 序号 | 登录号 | 条形码 | 馆藏地/架位号 | 状态 | 备注 |
| 1 | 300607 | 203006077 | 社科库409/ [索取号:F234.2/X927] | 在馆 | |
| 2 | 300608 | 203006086 | 社科库409/409社科库 77排2列3层/ [索取号:F234.2/X927] | 在馆 | |
| 3 | 300609 | 203006095 | 社科二线422/422社科库 17排2列5层/ [索取号:F234.2/X927] | 在馆 | |
| 4 | 300610 | 203006102 | 社科库409/409社科库 77排2列3层/ [索取号:F234.2/X927] | 在馆 | |
| 5 | 300611 | 203006111 | 社科二线422/422社科库 16排2列4层/ [索取号:F234.2/X927] | 在馆 |